000 00498nam a2200169Ia 4500
008 140306s9999 xx 000 0 und d
020 _a817100282X
041 _aeng
082 _a307.1412
_bKHA/RU .3
100 _aKhanna, B S
245 _aRural development in south Asia V.3 Bangaladesh policies, programmes and organisation
260 _aNew Delhi
_bDeep and Deep Publication
_c1991
300 _a227
365 _bRs.240
650 _aRural human resource development
942 _2ddc
_cBK
999 _c182501
_d182501